Greece in the Eurovision Song Contest - Statistics

General Stats
  • This quiz has been taken 17 times
    3 since last reset
  • The average score is 12 of 46
Answer Stats
Answer % Correct
Asteromata (Αστερομάτα)
100%
Ferto (Φέρτο)
100%
Alcohol Is Free
67%
Aphrodisiac
67%
Better Love
67%
Die Together
67%
Last Dance
67%
Rise Up
67%
This Is Love
67%
Utopian Land
67%
What They Say
67%
Zari (Ζάρι)
67%
Die For You
33%
Everything
33%
My Number One
33%
One Last Breath
33%
Oniro mou (Όνειρό μου)
33%
Opa (Ώπα)
33%
Secret Combination
33%
Shake It
33%
This Is Our Night
33%
Anixi (Άνοιξη)
0%
Autostop (Ωτοστόπ)
0%
Charlie Chaplin (Τσάρλυ Τσάπλιν)
0%
Clown (Κλόουν)
0%
Ellada, hora tou fotos (Ελλάδα, χώρα του φωτός)
0%
Emis forame to himona anixiatika (Εμείς φοράμε το χειμώνα ανοιξιάτικα)
0%
Feggari kalokerino (Φεγγάρι καλοκαιρινό)
0%
Horepse (Χόρεψε)
0%
Horis skopo (Χωρίς σκοπό)
0%
Krassi, thalassa ke t' agori mou (Κρασί, θάλασσα και τ' αγόρι μου)
0%
Mathema solfege (Μάθημα σολφέζ)
0%
Mia krifi evaisthisia (Μια κρυφή ευαισθησία)
0%
Miazoume (Μοιάζουμε)
0%
Mou les (Μου λες)
0%
Never Let You Go
0%
Olou tou kosmou i elpida (Όλου του κόσμου η ελπίδα)
0%
Panaghia mou, panaghia mou (Παναγιά μου, παναγιά μου)
0%
Pia prosefhi (Ποια προσευχή)
0%
S.A.G.A.P.O.
0%
Socrates (Σωκράτη)
0%
Stop (Στοπ)
0%
To diko sou asteri (Το δικό σου αστέρι)
0%
To trehantiri (Diri Diri) (Το τρεχαντήρι (Ντίρι Ντίρι))
0%
Watch My Dance
0%
Yassou Maria (Γειά σου Μαρία)
0%
No matching quizzes found
Score Distribution
Percent of People with Each Score
Percentile by Number Answered
Your Score History
You have not taken this quiz since the last reset